International Journal of Manpower

Detalles Bibliográficos
Formato: eBook
Lenguaje:inglés
Publicado: Bingley: Emerald Group Publishing Limited, 1980 -
Materias:
Acceso en línea:Acceso restringido

MARC

LEADER 00000nam a22000007a 4500
005 20210209223147.0
007 cr|||| ||||
008 210209c19809999gb mr|w s|||| 0|| b1eng d
022 |a 0143-7720 
035 |a 31930 
040 |a vLex 
090 |c 11131  |d 11131 
245 0 0 |a International Journal of Manpower  |h [Recurso electrn̤ico] / 
256 |a Servicio en ln̕ea 
260 |a Bingley:  |b Emerald Group Publishing Limited,  |c 1980 -  
300 |a 1 recurso electrn̤ico 
310 |a Mensual 
362 |a Nð 1-1 (Ene. 1980) - 
506 1 |a Disponible solo en los productos indicados  |d vLex Global  |d vLex Global (Academic Edition, excluding Law Schools)  |d vLex Global (U.S. Academic Edition, Law Schools)  |d vLex Global (U.S. Academic Edition, excluding Law Schools)  |d vLex Global (Academic Edition, Law Schools) 
650 0 4 |a Derecho Internacional  |z Reino Unido 
650 0 4 |a Derecho Pb︢lico y Administrativo  |z Reino Unido 
650 0 4 |a Derecho Mercantil y de la Empresa  |z Reino Unido 
740 0 |a vLex Revistas (Servicio en ln̕ea) 
856 4 0 |u http://vlex.com/source/31930  |z Acceso restringido 
942 |c REV 
999 0 |a International Law 
999 0 |a Public and Administrative Law 
999 0 |a Commercial and Company Law